LEADER 04445nam 2200661 450 001 996466707603316 005 20220920184402.0 010 $a1-280-85223-2 010 $a9786610852239 010 $a3-540-35284-8 024 7 $a10.1007/3-540-35284-8 035 $a(CKB)1000000000282267 035 $a(EBL)3036600 035 $a(SSID)ssj0000492641 035 $a(PQKBManifestationID)11929977 035 $a(PQKBTitleCode)TC0000492641 035 $a(PQKBWorkID)10499315 035 $a(PQKB)10749334 035 $a(DE-He213)978-3-540-35284-6 035 $a(MiAaPQ)EBC302230 035 $a(MiAaPQ)EBC6873144 035 $a(Au-PeEL)EBL6873144 035 $z(PPN)258845767 035 $a(PPN)123135966 035 $a(EXLCZ)991000000000282267 100 $a20220920d2006 uy 0 101 0 $aeng 135 $aur|n|---||||| 181 $ctxt 182 $cc 183 $acr 200 00$aComputer simulations in condensed matter$hVolume 2 $efrom materials to chemical biology /$fedited by Mauro Ferrario, Giovanni Ciccotti, Kurt Binder 205 $a1st ed. 2006. 210 1$aBerlin ;$aHeidelberg :$cSpringer,$d[2006] 210 4$d©2006 215 $a1 online resource (607 p.) 225 1 $aLecture Notes in Physics,$x0075-8450 ;$v704 300 $aProceedings of a school held at the Ettore Majorana Foundation and Center for Scientific Culture, Erice, Sicily, in July 2005. 311 $a3-540-35283-X 320 $aIncludes bibliographical references and index. 327 $aComputer Simulations of Supercooled Liquids -- Numerical Simulations of Spin Glasses: Methods and Some Recent Results -- Dipolar Fluctuations in the Bulk and at Interfaces -- Theory and Simulation of Friction and Lubrication -- Simulation of Nanodroplets on Solid Surfaces: Wetting, Spreading and Bridging -- Monte Carlo Simulations of Compressible Ising Models: Do We Understand Them? -- Computer Simulation of Colloidal Suspensions -- Phase Transitions of Model Colloids in External Fields -- Computer Simulation of Liquid Crystals -- Coarse-Grained Models of Complex Fluids at Equilibrium and Under Shear -- Mesoscopic Simulations of Biological Membranes -- Microscopic Elasticity of Complex Systems -- Mesoscopic Simulations for Problems with Hydrodynamics, with Emphasis on Polymer Dynamics -- Polymer Dynamics: Long Time Simulations and Topological Constraints -- Reaction Kinetics of Coarse-Grained Equilibrium Polymers: A Brownian Dynamics Study -- Equilibration and Coarse-Graining Methods for Polymers -- Drug-Target Binding Investigated by Quantum Mechanical/Molecular Mechanical (QM/MM) Methods -- Redox Free Energies from Vertical Energy Gaps: Ab Initio Molecular Dynamics Implementation -- Advanced Car?Parrinello Techniques: Path Integrals and Nonadiabaticity in Condensed Matter Simulations -- Evolutionary Design in Biological Physics and Materials Science -- Monte-Carlo Methods in Studies of Protein Folding and Evolution. 330 $aThis extensive and comprehensive collection of lectures by world-leading experts in the field introduces and reviews all relevant computer simulation methods and their applications in condensed matter systems. Volume 1, published as LNP 703 (ISBN 3-540-35270-8) is an in-depth introduction to a vast spectrum of computational techniques for statistical mechanical systems of condensed matter. It will enable the graduate student and both the specialist and nonspecialist researcher to get acquainted with the tools necessary to carry out numerical simulations at an advanced level. The present volume is a state-of-the-art survey on numerical experiments carried out for a great number of systems, ranging from materials sciences to chemical biology, such as supercooled liquids, spin glasses, colloids, polymers, liquid crystals, biological membranes and folding proteins. 410 0$aLecture Notes in Physics,$x0075-8450 ;$v704 606 $aCondensed matter$xComputer simulation$vCongresses 606 $aCondensed matter 615 0$aCondensed matter$xComputer simulation 615 0$aCondensed matter. 676 $a530.4/10113 702 $aFerrario$b Mauro 702 $aCiccotti$b Giovanni 702 $aBinder$b K$g(Kurt),$f1944- 801 0$bMiAaPQ 801 1$bMiAaPQ 801 2$bMiAaPQ 906 $aBOOK 912 $a996466707603316 996 $aComputer simulations in condensed matter$9732669 997 $aUNISA LEADER 04331oam 2200697I 450 001 9910779667703321 005 20200520144314.0 010 $a1-136-33479-3 010 $a0-203-12276-3 010 $a1-299-48100-0 010 $a1-136-33480-7 024 7 $a10.4324/9780203122761 035 $a(CKB)2550000001020407 035 $a(EBL)1172902 035 $a(SSID)ssj0000871598 035 $a(PQKBManifestationID)11474377 035 $a(PQKBTitleCode)TC0000871598 035 $a(PQKBWorkID)10823056 035 $a(PQKB)10880758 035 $a(MiAaPQ)EBC1172902 035 $a(Au-PeEL)EBL1172902 035 $a(CaPaEBR)ebr10690196 035 $a(CaONFJC)MIL479350 035 $a(OCoLC)843636677 035 $a(OCoLC)841793951 035 $a(OCoLC)1108965767 035 $a(FINmELB)ELB135667 035 $a(EXLCZ)992550000001020407 100 $a20180706d2013 uy 0 101 0 $aeng 135 $aur|n|---||||| 181 $ctxt 182 $cc 183 $acr 200 00$aHandbook on automated essay evaluation $ecurrent applications and new directions /$fedited by Mark D. Shermis, Jill Burstein 210 1$aNew York :$cRoutledge,$d2013. 215 $a1 online resource (385 p.) 300 $aDescription based upon print version of record. 311 $a0-415-81096-5 311 $a1-84872-995-2 320 $aIncludes bibliographical references and index. 327 $aCover; Half Title; Title Page; Copyright Page; Table of Contents; Foreword; Preface; About the Editors; List of Contributors; 1 Introduction to Automated Essay Evaluation; 2 Automated Essay Evaluation and the Teaching of Writing; 3 English as a Second Language Writing and Automated Essay Evaluation; 4 The E-rater® Automated Essay Scoring System; 5 Implementation and Applications of the Intelligent Essay Assessor; 6 The IntelliMetricTM Automated Essay Scoring Engine - A Review and an Application to Chinese Essay Scoring; 7 Applications of Automated Essay Evaluation in West Virginia 327 $a8 LightSIDE: Open Source Machine Learning for Text9 Automated Short Answer Scoring: Principles and Prospects; 10 Probable Cause: Developing Warrants for Automated Scoring of Essays; 11 Validity and Reliability of Automated Essay Scoring; 12 Scaling and Norming for Automated Essay Scoring; 13 Human Ratings and Automated Essay Evaluation; 14 Using Automated Scoring to Monitor Reader Performance and Detect Reader Drift in Essay Scoring; 15 Grammatical Error Detection in Automatic Essay Scoring and Feedback; 16 Automated Evaluation of Discourse Coherence Quality in Essay Writing 327 $a17 Automated Sentiment Analysis for Essay Evaluation18 Covering the Construct: An Approach to Automated Essay Scoring Motivated by a Socio-Cognitive Framework for Defining Literacy Skills; 19 Contrasting State-of-the-Art Automated Scoring of Essays; 20 The Policy Turn in Current Education Reform: The Common Core State Standards and Its Linguistic Challenges and Opportunities; Index 330 $aThis comprehensive, interdisciplinary handbook reviews the latest methods and technologies used in automated essay evaluation (AEE) methods and technologies. Highlights include the latest in the evaluation of performance-based writing assessments and recent advances in the teaching of writing, language testing, cognitive psychology, and computational linguistics. This greatly expanded follow-up to Automated Essay Scoring reflects the numerous advances that have taken place in the field since 2003 including automated essay scoring and diagnostic feedback. Each chapter features a commo 606 $aGrading and marking (Students)$xData processing 606 $aEducational tests and measurements$xData processing 606 $aReport writing$xStudy and teaching$xEvaluation 615 0$aGrading and marking (Students)$xData processing. 615 0$aEducational tests and measurements$xData processing. 615 0$aReport writing$xStudy and teaching$xEvaluation. 676 $a371.27/2 701 $aBurstein$b Jill$01481557 701 $aShermis$b Mark D.$f1953-$01481558 801 0$bMiAaPQ 801 1$bMiAaPQ 801 2$bMiAaPQ 906 $aBOOK 912 $a9910779667703321 996 $aHandbook on automated essay evaluation$93698578 997 $aUNINA